000
00173nam a2200073Ia 4500
008
170817s9999 xx 000 0 und d
100
_a
GOYAL HEMANT KUMAR
245
0
_a
COMPUTER SIKSHA
260
_b
SURYA PUB.
999
_c
37057
_d
37057